| 000 | 00998nam a22001097a 4500 | ||
|---|---|---|---|
| 008 | 160425b xxu||||| |||| 00| 0 eng d | ||
| 100 | _aChristensen, Sten | ||
| 245 | _aThe private local posts of Denmark | ||
| 260 |
_aTrelleborg, Sweden _bTrelleborg Philatelic Society _c1974 |
||
| 650 | _aDenmark | Locals and Private Posts | Cinderella Material | Parcel Stamps | Railway Parcel Stamps | Postal History | Postal Markings | Covers | Catalogs and Price Lists | Stamps -- Histories | Production | Plates and Plating | Sheets and Panes | Blocks | Errors and Varieties | Imperforate Issues | Perforation | Printing | Essays and Proofs | Color Trials | Color | Designs | Overprints and Surcharges | Provisionals and Forerunners | Forgeries and Counterfeits | Postal Stationery | Postal Stationery -- Cards | Reply Cards | Post Cards | Reply Cards and Envelopes | Express Companies | Express Mail | Parcel Post | Transportation of Mail | Postal Service | Postal Rates | Copenhagen | ||
| 700 | _aRingstrom, Sigurd | ||
| 999 |
_c1935 _d1935 |
||